Evidence-based Nursing Care Guidelines: (Record no. 10950)

MARC details
000 -LEADER
fixed length control field 00333nam a22000977a 4500
008 - FIXED-LENGTH DATA ELEMENTS--GENERAL INFORMATION
fixed length control field 090225t xxu||||| |||| 00| 0 eng d
082 ## - DEWEY DECIMAL CLASSIFICATION NUMBER
Edition number 22
Classification number 610.73
Item number NUR NR
245 ## - TITLE STATEMENT
Title Evidence-based Nursing Care Guidelines:
Remainder of title Medical-surgical Interventions/
Statement of responsibility, etc by Betty J. Ackley ... [et al.].
300 ## - PHYSICAL DESCRIPTION
Extent xxvii, 980 p. ;
Dimensions 24 cm.
942 ## - ADDED ENTRY ELEMENTS (KOHA)
Source of classification or shelving scheme Dewey Decimal Classification
Item type Book - Borrowing
Holdings
Withdrawn status Item status Source of classification or shelving scheme Damaged status Not for loan Vendor Home library Current library Shelving location Date acquired Source of acquisition Cost, normal purchase price Serial Enumeration / chronology Total Checkouts Total Renewals Full call number Barcode Date last seen Date last borrowed Koha item type
    Dewey Decimal Classification     Osiris Central Library Central Library First floor 25/02/2009   311.00 9130 7 3 610.73 NUR NR 000014973 15/07/2025 27/02/2016 Book - Borrowing
    Dewey Decimal Classification     Iqraa Central Library Central Library First floor 15/03/2009   286.00 1401 4   610.73 NUR NR 000015428 15/07/2025 02/05/2011 NB - Book (Non borrowing)